LEADER 01149nam a2200253 4500 001 000000366215 003 CaOOAMICUS 005 20260202143002.0 008 260202s2020 xxua 000 u eng r 020 $a978-0-525-55863-7 040 $aSeMil$bita 100 1 $aRussell, Stuart,$d<1962- >.$0(OLS)http://semarc/name/123682 245 10$aHuman compatible :$bartificial intelligence and the problem of control /$cStuart Russell. 264 1$aNew York :$bPenguin Books,$c2020. 300 $aXIV, 336 p. :$bill. ;$c22 cm 504 $aBibliography, p. [299]-323 650 4$aIntelligenza artificiale - Effetti sociali.$0(OLS)http://semarc/subject/59382 650 4$aMisure di sicurezza per l'automazione.$0(OLS)http://semarc/subject/59440 850 $aSeMil 852 $aSeMil$W1$xVenegono$y1$m3X VI 48$j266885$B256980$CSeMilBibl$Z2$F256980 $81 996 $6020$a978-0-525-55863-7$9(OLS)http://semarc/number/305193 996 $6245$aHuman compatible :$bartificial intelligence and the problem of control$9(OLS)http://semarc/title/457942 996 $6264$aNew York :$bPenguin Books$9(OLS)http://semarc/publisher/56223